Statistics for Countries of the Japanese Empire

Click here to take the quiz!

General Stats

  • This quiz has been taken 75,881 times
    (74,082 since last reset)
  • The average score is 22 of 27

Answer Stats

% OccupiedCountry% Correct
30China
99%
100Indonesia
94%
100North Korea
94%
100South Korea
94%
100Vietnam
94%
100Laos
92%
< 1Russia
91%
100Cambodia
90%
(free passage
of troops)
Thailand
90%
100Malaysia
89%
< 1India
(Andaman Islands)
88%
100Philippines
88%
< 1United States
(some Pacific islands)
88%
< 1Australia
(Christmas Island)
87%
100Myanmar
86%
100Singapore
85%
100Taiwan
85%
90Papua New Guinea
78%
100Japan
77%
100Brunei
75%
100East Timor
71%
100F.S. Micronesia
70%
100Marshall Islands
70%
20?Solomon Islands
70%
100Palau
69%
100Nauru
66%
20?Kiribati
64%

Score Distribution

Percentile by Number Answered

Percent of People with Each Score

Your Score History

You have not taken this quiz since the last reset